000 00814nam a22001937a 4500
999 _c60648
_d60648
003 Ge_BSU
005 20230928163605.0
008 230928s2023 ge ||||| |||| 00| 0 geo d
041 _ageo
080 _a821.353.1+821.111+1 ფ-97
100 _aფუეილაინი, საიმონ ო'
_919957
245 _aლექსები=danta=poems /
_cსაიმონ ო' ფუეილაინი; ინგლისურიდან თარგმნა ანი კოპალიანმა.
264 _c2023.
300 _a46 გვ. ;
_b21 სმ.
500 _aტექსტი ინგლ. და ირლანდ. ენაზე
653 _aლექსები
700 _aკოპალიანი, ანი
_eმთარგმნელი
_919958
942 _2udc
_cBK